[Event "Reykjavik op"]
[Site "Reykjavik"]
[Date "2023.04.04"]
[Round "9"]
[White "Notkin, Akiva"]
[Black "Girardin, Ives"]
[Result "0-1"]
[WhiteElo "1846"]
[BlackElo "2104"]
[PlyCount "52"]
[EventDate "2023.03.29"]
[EventType "swiss"]
[EventRounds "9"]
[EventCountry "ISL"]
[SourceTitle "EXT 2024"]
[Source "ChessBase"]
[SourceDate "2023.10.10"]
[SourceVersion "1"]
[SourceVersionDate "2023.10.10"]
[SourceQuality "1"]

1. c4 e5 2. g3 Nf6 3. Bg2 c6 4. d4 e4 5. d5 Bb4+ 6. Bd2 Qe7 7. Nc3 0-0 8. e3 cxd5 9. Nxd5 Nxd5 10. cxd5 Na6 11. Ne2 d6 12. Nc3 Bf5 13. a3 Bxc3 14. Bxc3 Rfe8 15. b4 f6 16. g4 Bg6 17. h4 Nc7 18. g5 fxg5 19. hxg5 Qxg5 20. Qd4 Re7 21. 0-0-0 Nb5 22. Qc4 Nxc3 23. Qxc3 Qxg2 24. Rdg1 Qxf2 25. Rf1 Qe2 26. Rf4 Ree8 0-1

[Event "Reykjavik op"]
[Site "Reykjavik"]
[Date "2023.04.01"]
[Round "6"]
[White "Large, Peter G"]
[Black "Notkin, Akiva"]
[Result "1-0"]
[WhiteElo "2227"]
[BlackElo "1846"]
[PlyCount "71"]
[EventDate "2023.03.29"]
[EventType "swiss"]
[EventRounds "9"]
[EventCountry "ISL"]
[SourceTitle "CBM 213 Extra"]
[Source "ChessBase"]
[SourceDate "2023.05.31"]
[SourceVersion "1"]
[SourceVersionDate "2023.05.31"]
[SourceQuality "1"]

1. e4 e5 2. Nf3 Nc6 3. Bb5 a6 4. Ba4 Nf6 5. d4 Nxe4 6. 0-0 Be7 7. Qe2 Nd6 8. dxe5 Nf5 9. Bxc6 bxc6 10. Qe4 Nh4 11. Nxh4 Bxh4 12. Qg4 Kf8 13. Bf4 h5 14. Qf3 Rb8 15. Nd2 Bb7 16. Rad1 Be7 17. Nc4 c5 18. Qh3 g5 19. Rxd7 Qe8 20. Bd2 Bc8 21. e6 Bxd7 22. exd7 Qd8 23. Re1 g4 24. Qc3 Kg8 25. Qe5 Qxd7 26. Qxe7 Qxe7 27. Rxe7 Rb7 28. Bc3 Kf8 29. Re5 Rh6 30. Rxc5 h4 31. Rg5 Re6 32. Rxg4 Rb5 33. Rxh4 Rd5 34. Ne3 Rd7 35. Rh8+ Ke7 36. Nf5# 1-0